| 000 | 00475nam a22001697a 4500 | ||
|---|---|---|---|
| 003 | NUST-PNEC | ||
| 005 | 20170116180744.0 | ||
| 008 | 150121b xxu||||| |||| 00| 0 eng d | ||
| 040 | _cPNEC | ||
| 082 | _a297.1229 IMA | ||
| 100 |
_91232 _a Imaduddin , Abul Fida |
||
| 245 |
_aTafseer Ibn Kaseer Vol-5 _c Imaduddin Abul Fida Ismail Ibn Kathir |
||
| 260 |
_aLahore : _bMaktaba Quddusia, _cc1994. |
||
| 300 |
_a620 p. : _c24 cm. |
||
| 650 |
_xGeneral _xIslam |
||
| 942 |
_2ddc _cBK |
||
| 999 |
_c62318 _d62318 |
||